Rent arrears and possession problems (Record no. 73327)
[ view plain ]
| 000 -LEADER | |
|---|---|
| fixed length control field | 02113cam a2200409 4500 |
| 001 - CONTROL NUMBER | |
| control field | ABS67005 |
| 008 - FIXED-LENGTH DATA ELEMENTS--GENERAL INFORMATION | |
| fixed length control field | 030902n2003 000 0 eng u |
| 035 ## - SYSTEM CONTROL NUMBER | |
| System control number | (Sirsi) u123464 |
| 100 ## - MAIN ENTRY--PERSONAL NAME | |
| Personal name | Ives, P. |
| 245 ## - TITLE STATEMENT | |
| Title | Rent arrears and possession problems |
| 260 ## - PUBLICATION, DISTRIBUTION, ETC. | |
| Date of publication, distribution, etc. | 2003 |
| 490 ## - SERIES STATEMENT | |
| Series statement | Letting Update Journal |
| Volume/sequential designation | 11(2) July 2003, 15-18(3) |
| 520 ## - SUMMARY, ETC. | |
| Summary, etc. | First of three articles covering the law of evictions and the basic procedures for regaining the possession with assured tenancies and Assured Shorthold Tenancies (ASTs). Looks at the initial stages of the possession process including the possibility of negotiated settlement without resort to the courts. Notes that only a court can bring a tenancy to an end and cause a tenant to be evicted and details tenants' protection from eviction under the Protection from Eviction Act 1977 s2 and the Housing Act 1988 ss27 and 28. Outlines the two main statutory procedures for service of possession notices and their legal requirements - s21 of the 1988 Act for ASTs and s8 of the 1988 Act for assured tenancies. Underlines the importance of establishing that the landlord has the proper grounds for claiming possession before applying to court. Considers in detail the specific rules applying to rent arrears. References. |
| 590 ## - LOCAL NOTE (RLIN) | |
| Local note | ABS |
| 650 ## - SUBJECT ADDED ENTRY--TOPICAL TERM | |
| Topical term or geographic name entry element | RENT ARREARS |
| 650 ## - SUBJECT ADDED ENTRY--TOPICAL TERM | |
| Topical term or geographic name entry element | POSSESSION PROCEDURE |
| 650 ## - SUBJECT ADDED ENTRY--TOPICAL TERM | |
| Topical term or geographic name entry element | ASSURED TENANCIES |
| 650 ## - SUBJECT ADDED ENTRY--TOPICAL TERM | |
| Topical term or geographic name entry element | ASSURED SHORTHOLD TENANCIES |
| 650 ## - SUBJECT ADDED ENTRY--TOPICAL TERM | |
| Topical term or geographic name entry element | HOUSING ACT 1988 S27 |
| 650 ## - SUBJECT ADDED ENTRY--TOPICAL TERM | |
| Topical term or geographic name entry element | HOUSING ACT 1988 S28 |
| 650 ## - SUBJECT ADDED ENTRY--TOPICAL TERM | |
| Topical term or geographic name entry element | HOUSING ACT 1988 S7(6) |
| 650 ## - SUBJECT ADDED ENTRY--TOPICAL TERM | |
| Topical term or geographic name entry element | HOUSING ACT 1988 S21 |
| 650 ## - SUBJECT ADDED ENTRY--TOPICAL TERM | |
| Topical term or geographic name entry element | HOUSING ACT 1988 S8 |
| 650 ## - SUBJECT ADDED ENTRY--TOPICAL TERM | |
| Topical term or geographic name entry element | GROUNDS |
| 650 ## - SUBJECT ADDED ENTRY--TOPICAL TERM | |
| Topical term or geographic name entry element | EVICTION |
| 650 ## - SUBJECT ADDED ENTRY--TOPICAL TERM | |
| Topical term or geographic name entry element | PROTECTION FROM EVICTION ACT 1977 S2 |
| 650 ## - SUBJECT ADDED ENTRY--TOPICAL TERM | |
| Topical term or geographic name entry element | LOWER STREET PROPERTIES LTD V JONES |
| 650 ## - SUBJECT ADDED ENTRY--TOPICAL TERM | |
| Topical term or geographic name entry element | SYMONS V WARREN |
| 650 ## - SUBJECT ADDED ENTRY--TOPICAL TERM | |
| Topical term or geographic name entry element | MOUNTAIN V HASTINGS |
| 650 ## - SUBJECT ADDED ENTRY--TOPICAL TERM | |
| Topical term or geographic name entry element | WANDSWORTH LBC V ATTWELL |
| 650 ## - SUBJECT ADDED ENTRY--TOPICAL TERM | |
| Topical term or geographic name entry element | MARATH V MACGILLIVRAY |
| 650 ## - SUBJECT ADDED ENTRY--TOPICAL TERM | |
| Topical term or geographic name entry element | COLTRANE V DAY |
| 690 ## - LOCAL SUBJECT ADDED ENTRY--TOPICAL TERM (OCLC, RLIN) | |
| Topical term or geographic name as entry element | PROPERTY-RESIDENTIAL PROPERTY-RESIDENTIAL LANDLORD AND TENANT-RESIDENTIAL TENANCIES |
| 700 ## - ADDED ENTRY--PERSONAL NAME | |
| Personal name | Dixon, D. |
| 700 ## - ADDED ENTRY--PERSONAL NAME | |
| Personal name | Hopkins, P. |
| 942 ## - ADDED ENTRY ELEMENTS (KOHA) | |
| Suppress in OPAC | 0 |
| Withdrawn status | Lost status | Source of classification or shelving scheme | Damaged status | Not for loan | Home library | Current library | Shelving location | Date acquired | Total Checkouts | Full call number | Barcode | Date last seen | Copy number | Price effective from | Koha item type |
|---|---|---|---|---|---|---|---|---|---|---|---|---|---|---|---|
| Dewey Decimal Classification | London | London | Journal article | 02/09/2003 | ABS67005 | 123464-1001 | 06/08/2019 | 1 | 06/08/2019 | Journal article |